[Event "Torneig dels Paisos Catalans"]
[Site "Ibiza ESP"]
[Date "2006.11.13"]
[Round "1.1"]
[White "Baches Garcia, Guillermo"]
[Black "Mirzoev, Azer"]
[Result "1/2-1/2"]
[WhiteElo "2379"]
[BlackElo "2543"]
[PlyCount "49"]
[EventDate "2006.11.13"]
[EventType "tourn"]
[EventRounds "9"]
[EventCountry "ESP"]
[EventCategory "6"]
[Source "lmi"]
[SourceDate "2006.11.13"]

1. e4 d6 2. d4 e5 3. Ne2 Nf6 4. f3 Nc6 5. d5 Ne7 6. c4 g6 7. Nbc3 Bg7 8. Be3
O-O 9. Qd2 Ne8 10. O-O-O f5 11. Kb1 b6 12. Nc1 Nf6 13. Bd3 a5 14. N1e2 Bd7 15.
Bc2 Kh8 16. h3 f4 17. Bf2 Nh5 18. b3 Bf6 19. a3 Ng8 20. Qe1 Be7 21. Kb2 Nhf6
22. Qd2 Nh5 23. Qe1 Nhf6 24. Qd2 Nh5 25. Qe1 1/2-1/2

[Event "Torneig dels Paisos Catalans"]
[Site "Ibiza ESP"]
[Date "2006.11.13"]
[Round "1.2"]
[White "Planells Roig, Jose"]
[Black "Pogorelov, Ruslan"]
[Result "0-1"]
[WhiteElo "2070"]
[BlackElo "2462"]
[PlyCount "66"]
[EventDate "2006.11.13"]
[EventType "tourn"]
[EventRounds "9"]
[EventCountry "ESP"]
[EventCategory "6"]
[Source "lmi"]
[SourceDate "2006.11.13"]

1. d4 Nf6 2. c4 e6 3. Nc3 Bb4 4. f3 c5 5. d5 Bxc3+ 6. bxc3 Nh5 7. Nh3 f5 8. e3
d6 9. Be2 Qe7 10. O-O e5 11. Nf2 Nf6 12. Kh1 Nbd7 13. Qc2 e4 14. f4 h6 15. Rg1
g5 16. g3 g4 17. Rg2 h5 18. Kg1 h4 19. Nh1 hxg3 20. Nxg3 Nf8 21. Rb1 Ng6 22.
Qa4+ Kf7 23. Bd1 Nh4 24. Rgb2 Kg6 25. Rf2 Nf3+ 26. Kh1 Rh3 27. Rg2 Bd7 28. Qb3
Rah8 29. Rbb2 Ne1 30. Qxb7 Nxg2 31. Rxg2 Qh7 32. Qb2 Nh5 33. Qf2 Nxg3+ 0-1

[Event "Torneig dels Paisos Catalans"]
[Site "Ibiza ESP"]
[Date "2006.11.13"]
[Round "1.3"]
[White "Oussama, Omar"]
[Black "Borges Mateos, Juan"]
[Result "0-1"]
[WhiteElo "2299"]
[BlackElo "2431"]
[PlyCount "116"]
[EventDate "2006.11.13"]
[EventType "tourn"]
[EventRounds "9"]
[EventCountry "ESP"]
[EventCategory "6"]
[Source "lmi"]
[SourceDate "2006.11.13"]

1. c4 c6 2. g3 d5 3. Bg2 Nf6 4. Nf3 g6 5. b3 d4 6. d3 Bg7 7. O-O O-O 8. b4 Re8
9. Nbd2 e5 10. Rb1 a5 11. b5 c5 12. Ba3 Nbd7 13. Ng5 Bf8 14. Nge4 Nxe4 15. Bxe4
Rb8 16. Bg2 b6 17. e4 Nf6 18. Bc1 Bg4 19. f3 Be6 20. f4 exf4 21. gxf4 Bc8 22.
e5 Ng4 23. Ne4 Be7 24. Ng3 Bf8 25. Rb2 Nxh2 26. Nh5 Bg4 27. Nf6+ Qxf6 28. exf6
Bxd1 29. Rxd1 Ng4 30. Bc6 Red8 31. f5 Ne3 32. Bxe3 dxe3 33. fxg6 hxg6 34. Bd5
Rd6 35. Rf1 Re8 36. Rg2 e2 37. Re1 Rxf6 38. Rexe2 Rd8 39. Ref2 Rdd6 40. Re2 Bh6
41. Rh2 Kg7 42. Re7 Rf5 43. Rf2 Bf4 44. Kf1 g5 45. Be4 Re5 46. Rb7 Kf8 47. Re2
Rf6 48. Kg1 Rfe6 49. Kf1 f5 50. Bf3 Rxe2 51. Bxe2 g4 52. Rd7 Rd6 53. Rc7 Rh6
54. Rc8+ Ke7 55. Kg1 Be5 56. Rg8 Kf7 57. Rg5 Kf6 58. Rg8 Rh2 0-1

[Event "Torneig dels Paisos Catalans"]
[Site "Ibiza ESP"]
[Date "2006.11.13"]
[Round "1.4"]
[White "Camarena Gimenez, Rufino"]
[Black "Rizouk, Aimen"]
[Result "1/2-1/2"]
[WhiteElo "2330"]
[BlackElo "2438"]
[PlyCount "99"]
[EventDate "2006.11.13"]
[EventType "tourn"]
[EventRounds "9"]
[EventCountry "ESP"]
[EventCategory "6"]
[Source "lmi"]
[SourceDate "2006.11.13"]

1. d4 Nf6 2. c4 e6 3. Nc3 Bb4 4. g3 d5 5. cxd5 exd5 6. Qa4+ Nc6 7. Bg2 Ne4 8.
Bxe4 dxe4 9. a3 Bxc3+ 10. bxc3 O-O 11. h4 Qd5 12. Rb1 e3 13. Nf3 exf2+ 14. Kxf2
Re8 15. Qb5 Qe4 16. Bf4 Bg4 17. Qd3 b6 18. Qxe4 Rxe4 19. e3 Rc8 20. Nd2 Re7 21.
e4 f6 22. Rhe1 h6 23. d5 Nd8 24. c4 c6 25. Be3 Nb7 26. Rbc1 c5 27. a4 Rce8 28.
Ra1 Bh5 29. a5 Nd6 30. axb6 axb6 31. Rab1 Nxe4+ 32. Nxe4 Rxe4 33. Rxb6 Rxc4 34.
Rc1 Rxc1 35. Bxc1 Re2+ 36. Kf1 Re5 37. d6 Bg4 38. Rc6 Bd7 39. Rc7 Bb5+ 40. Kf2
Rd5 41. Be3 c4 42. Rc5 Rxc5 43. Bxc5 Kf7 44. Ke3 Ke6 45. Kd4 g5 46. hxg5 fxg5
47. Bb4 h5 48. Bd2 g4 49. Bg5 Kxd6 50. Bh4 1/2-1/2

[Event "Torneig dels Paisos Catalans"]
[Site "Ibiza ESP"]
[Date "2006.11.13"]
[Round "1.5"]
[White "Mascaro March, Pedro"]
[Black "Movsziszian, Karen"]
[Result "0-1"]
[WhiteElo "2360"]
[BlackElo "2456"]
[PlyCount "72"]
[EventDate "2006.11.13"]
[EventType "tourn"]
[EventRounds "9"]
[EventCountry "ESP"]
[EventCategory "6"]
[Source "lmi"]
[SourceDate "2006.11.13"]

1. d4 d6 2. c4 e5 3. Nf3 Nd7 4. Nc3 Ngf6 5. e4 g6 6. Be2 Bg7 7. O-O O-O 8. Qc2
c6 9. Rd1 Qe7 10. d5 c5 11. Ne1 Ne8 12. Nd3 f5 13. a3 Ndf6 14. f3 f4 15. b4 b6
16. bxc5 bxc5 17. Rb1 g5 18. Nf2 h5 19. h3 Rf7 20. Qa4 Bf8 21. Qc6 Bb7 22. Qa4
Qd8 23. Rd2 Rg7 24. Rdb2 Bc8 25. Qc6 Nc7 26. Rb8 Rxb8 27. Rxb8 Nd7 28. Rb1 Nb6
29. Nb5 Nca8 30. Nc3 Ba6 31. a4 Rc7 32. a5 Rxc6 33. dxc6 Nxc4 34. Nd5 Nc7 35.
Rb7 Bxb7 36. Bxc4 Ba6 0-1

[Event "Torneig dels Paisos Catalans"]
[Site "Ibiza ESP"]
[Date "2006.11.14"]
[Round "2.1"]
[White "Mirzoev, Azer"]
[Black "Movsziszian, Karen"]
[Result "1/2-1/2"]
[WhiteElo "2543"]
[BlackElo "2456"]
[PlyCount "54"]
[EventDate "2006.11.13"]
[EventType "tourn"]
[EventRounds "9"]
[EventCountry "ESP"]
[EventCategory "6"]
[Source "lmi"]
[SourceDate "2006.11.13"]

1. d4 Nf6 2. c4 g6 3. Nc3 Bg7 4. e4 d6 5. Nf3 O-O 6. Be2 e5 7. dxe5 dxe5 8.
Qxd8 Rxd8 9. Bg5 Re8 10. Nd5 Nxd5 11. cxd5 c6 12. Bc4 cxd5 13. Bxd5 Na6 14. Ke2
Nb4 15. Bb3 Be6 16. Bxe6 Rxe6 17. a3 Nc6 18. Rhd1 f5 19. Be3 Nd4+ 20. Kf1 fxe4
21. Nxd4 exd4 22. Bxd4 Bxd4 23. Rxd4 e3 24. Re1 Rf8 25. Re2 Rxf2+ 26. Rxf2 exf2
27. Kxf2 Re7 1/2-1/2

[Event "Torneig dels Paisos Catalans"]
[Site "Ibiza ESP"]
[Date "2006.11.14"]
[Round "2.2"]
[White "Rizouk, Aimen"]
[Black "Mascaro March, Pedro"]
[Result "1-0"]
[WhiteElo "2438"]
[BlackElo "2360"]
[PlyCount "63"]
[EventDate "2006.11.13"]
[EventType "tourn"]
[EventRounds "9"]
[EventCountry "ESP"]
[EventCategory "6"]
[Source "lmi"]
[SourceDate "2006.11.13"]

1. e4 c5 2. Nf3 d6 3. d4 cxd4 4. Nxd4 Nf6 5. Nc3 Nc6 6. Bg5 g6 7. Bxf6 exf6 8.
Bc4 Bg7 9. Ndb5 O-O 10. Qxd6 Qa5 11. O-O-O f5 12. Qc7 a6 13. Qxa5 Nxa5 14. Nc7
Ra7 15. Bd3 Bxc3 16. bxc3 b5 17. Nd5 Be6 18. Nb4 f4 19. Be2 Rc8 20. Rd6 Rxc3
21. Rxa6 Rxa6 22. Nxa6 f5 23. exf5 Bxf5 24. Nb4 Nc6 25. Kd2 Rc5 26. Nd3 Rc4 27.
Rb1 Nd4 28. Bd1 f3 29. gxf3 Rc7 30. Rb4 Rd7 31. Ke3 Bxd3 32. Rxd4 1-0

[Event "Torneig dels Paisos Catalans"]
[Site "Ibiza ESP"]
[Date "2006.11.14"]
[Round "2.3"]
[White "Pogorelov, Ruslan"]
[Black "Oussama, Omar"]
[Result "1-0"]
[WhiteElo "2462"]
[BlackElo "2299"]
[PlyCount "55"]
[EventDate "2006.11.13"]
[EventType "tourn"]
[EventRounds "9"]
[EventCountry "ESP"]
[EventCategory "6"]
[Source "lmi"]
[SourceDate "2006.11.13"]

1. Nf3 c5 2. c4 Nc6 3. d4 cxd4 4. Nxd4 e5 5. Nb5 d6 6. N1c3 a6 7. Na3 Nf6 8. g3
Be7 9. Bg2 O-O 10. O-O Be6 11. Nd5 Bxd5 12. cxd5 Nb8 13. Qb3 b6 14. Be3 Nfd7
15. Nc4 b5 16. a4 Nc5 17. Bxc5 bxc4 18. Qxc4 Qc7 19. Rfc1 Rc8 20. Qb3 Qd8 21.
Bb6 Qe8 22. Rxc8 Qxc8 23. Be3 Nd7 24. Rc1 Qd8 25. Qb7 f5 26. Rc7 Rb8 27. Qa7
Ra8 28. Rxd7 1-0

[Event "Torneig dels Paisos Catalans"]
[Site "Ibiza ESP"]
[Date "2006.11.14"]
[Round "2.4"]
[White "Borges Mateos, Juan"]
[Black "Camarena Gimenez, Rufino"]
[Result "1/2-1/2"]
[WhiteElo "2431"]
[BlackElo "2330"]
[PlyCount "30"]
[EventDate "2006.11.13"]
[EventType "tourn"]
[EventRounds "9"]
[EventCountry "ESP"]
[EventCategory "6"]
[Source "lmi"]
[SourceDate "2006.11.13"]

1. Nf3 d5 2. d4 Nf6 3. c4 c6 4. Qc2 g6 5. e3 Bg7 6. Bd3 O-O 7. O-O dxc4 8. Bxc4
Nbd7 9. e4 Nb6 10. Bb3 Bg4 11. Nbd2 Re8 12. h4 Bxf3 13. Nxf3 Nfd7 14. Rd1 c5
15. Qe2 cxd4 1/2-1/2

[Event "Torneig dels Paisos Catalans"]
[Site "Ibiza ESP"]
[Date "2006.11.14"]
[Round "2.5"]
[White "Baches Garcia, Guillermo"]
[Black "Planells Roig, Jose"]
[Result "1-0"]
[WhiteElo "2379"]
[BlackElo "2070"]
[PlyCount "85"]
[EventDate "2006.11.13"]
[EventType "tourn"]
[EventRounds "9"]
[EventCountry "ESP"]
[EventCategory "6"]
[Source "lmi"]
[SourceDate "2006.11.13"]

1. e4 c5 2. Nf3 d6 3. d4 cxd4 4. Nxd4 Nf6 5. Nc3 g6 6. g3 Nc6 7. Nde2 Bd7 8.
Bg2 Qc8 9. h3 Bg7 10. b3 O-O 11. Bb2 a5 12. Rb1 h5 13. Qd2 Nb4 14. a3 Na6 15.
Nf4 Nc7 16. Nd3 a4 17. b4 Nb5 18. Nxb5 Bxb5 19. O-O Bc4 20. Rfe1 Rd8 21. Nf4
Qc7 22. Nd5 Bxd5 23. exd5 Rac8 24. Re2 Re8 25. Bf1 Nd7 26. c4 Ne5 27. Bxe5 Bxe5
28. c5 Bf6 29. Rc1 Kg7 30. Re4 Red8 31. Rec4 dxc5 32. bxc5 Qe5 33. Bg2 Qb2 34.
Qe3 Qb3 35. Rb4 Qxe3 36. fxe3 e6 37. dxe6 fxe6 38. Rxb7+ Kh6 39. Rb6 Bg5 40.
Re1 Rd3 41. Rxe6 Rxc5 42. h4 Bd8 43. Be4 1-0

[Event "Torneig dels Paisos Catalans"]
[Site "Ibiza ESP"]
[Date "2006.11.15"]
[Round "3.1"]
[White "Planells Roig, Jose"]
[Black "Mirzoev, Azer"]
[Result "1/2-1/2"]
[WhiteElo "2070"]
[BlackElo "2543"]
[PlyCount "39"]
[EventDate "2006.11.13"]
[EventType "tourn"]
[EventRounds "9"]
[EventCountry "ESP"]
[EventCategory "6"]
[Source "lmi"]
[SourceDate "2006.11.13"]

1. d4 d5 2. c4 e6 3. Nc3 c6 4. e4 dxe4 5. Nxe4 Bb4+ 6. Bd2 Qxd4 7. Bxb4 Qxe4+
8. Ne2 Na6 9. Bf8 Ne7 10. Bxg7 Rg8 11. Qd4 Qxd4 12. Bxd4 c5 13. Bc3 Nb4 14.
Bxb4 cxb4 15. g3 Bd7 16. Bg2 Bc6 17. O-O Bxg2 18. Kxg2 Nc6 19. Rfd1 Ke7 20. Rd2
1/2-1/2

[Event "Torneig dels Paisos Catalans"]
[Site "Ibiza ESP"]
[Date "2006.11.15"]
[Round "3.2"]
[White "Oussama, Omar"]
[Black "Baches Garcia, Guillermo"]
[Result "1/2-1/2"]
[WhiteElo "2299"]
[BlackElo "2379"]
[PlyCount "150"]
[EventDate "2006.11.13"]
[EventType "tourn"]
[EventRounds "9"]
[EventCountry "ESP"]
[EventCategory "6"]
[Source "lmi"]
[SourceDate "2006.11.13"]

1. c4 e5 2. g3 Nc6 3. Bg2 Bc5 4. e3 d6 5. Nc3 a6 6. Nge2 Ba7 7. O-O Be6 8. Nd5
Nge7 9. a3 h5 10. h3 Qd7 11. Kh2 Nd8 12. d4 c6 13. Nxe7 Qxe7 14. d5 Bd7 15. Nc3
f5 16. b4 c5 17. f4 Nf7 18. h4 g6 19. Rb1 Rb8 20. b5 axb5 21. Nxb5 Bb6 22. Bd2
Nh6 23. Bf3 Bd8 24. Bc3 Nf7 25. Kg2 O-O 26. Rb3 Re8 27. Re1 Qf8 28. Qb1 Ra8 29.
Kf2 Ra4 30. Be2 Bc8 31. Qd1 Qe7 32. Rb1 Ra6 33. Bf3 Qd7 34. Qb3 Bf6 35. Qb2 Qe7
36. Kg2 Kg7 37. Rf1 Qd7 38. Rbe1 Nh6 39. Bd1 Kh7 40. Qc2 Bg7 41. Qb2 Re7 42.
Qc2 Re8 43. Qb2 Re7 44. Qc2 Nf7 45. Rh1 Qe8 46. Rhf1 Qd7 47. Rh1 Qd8 48. Rhf1
Bd7 49. a4 Bc8 50. Rh1 Nh6 51. a5 Qd7 52. Qb2 Qd8 53. Rhf1 Qd7 54. Rh1 Ng8 55.
Rhf1 Nh6 56. Rh1 Qd8 57. Rhf1 Qd7 58. Rh1 Bh8 59. Rhf1 Qd8 60. Rh1 Bf6 61. Rhf1
Bg7 62. Rh1 Qd7 63. Rhf1 Re8 64. Rh1 Re7 65. Rhf1 Qd8 66. Rh1 Re8 67. Rhf1 Nf7
68. Rh1 Re7 69. Rhf1 Qf8 70. Rh1 Qd8 71. Rhf1 Nh6 72. Rh1 Qh8 73. Rhf1 Nf7 74.
Rh1 exf4 75. exf4 Re4 1/2-1/2

[Event "Torneig dels Paisos Catalans"]
[Site "Ibiza ESP"]
[Date "2006.11.15"]
[Round "3.3"]
[White "Camarena Gimenez, Rufino"]
[Black "Pogorelov, Ruslan"]
[Result "1/2-1/2"]
[WhiteElo "2330"]
[BlackElo "2462"]
[PlyCount "31"]
[EventDate "2006.11.13"]
[EventType "tourn"]
[EventRounds "9"]
[EventCountry "ESP"]
[EventCategory "6"]
[Source "lmi"]
[SourceDate "2006.11.13"]

1. d4 Nf6 2. c4 e6 3. Nc3 Bb4 4. g3 c5 5. Nf3 cxd4 6. Nxd4 O-O 7. Bg2 d5 8.
cxd5 Nxd5 9. Bd2 Bxc3 10. bxc3 e5 11. Nb3 Nc6 12. c4 Nde7 13. O-O Qc7 14. Qc2
Bf5 15. Qb2 Rad8 16. Rac1 1/2-1/2

[Event "Torneig dels Paisos Catalans"]
[Site "Ibiza ESP"]
[Date "2006.11.15"]
[Round "3.4"]
[White "Mascaro March, Pedro"]
[Black "Borges Mateos, Juan"]
[Result "1/2-1/2"]
[WhiteElo "2360"]
[BlackElo "2431"]
[PlyCount "37"]
[EventDate "2006.11.13"]
[EventType "tourn"]
[EventRounds "9"]
[EventCountry "ESP"]
[EventCategory "6"]
[Source "lmi"]
[SourceDate "2006.11.13"]

1. d4 d5 2. c4 c6 3. Nc3 Nf6 4. e3 e6 5. Nf3 Nbd7 6. Bd3 dxc4 7. Bxc4 b5 8. Bd3
a6 9. e4 c5 10. e5 cxd4 11. Nxb5 Nxe5 12. Nxe5 axb5 13. Bxb5+ Nd7 14. Nxd7 Bxd7
15. Bxd7+ Qxd7 16. O-O Be7 17. Qf3 O-O 18. b3 f5 19. Bb2 1/2-1/2

[Event "Torneig dels Paisos Catalans"]
[Site "Ibiza ESP"]
[Date "2006.11.15"]
[Round "3.5"]
[White "Movsziszian, Karen"]
[Black "Rizouk, Aimen"]
[Result "1/2-1/2"]
[WhiteElo "2456"]
[BlackElo "2438"]
[PlyCount "27"]
[EventDate "2006.11.13"]
[EventType "tourn"]
[EventRounds "9"]
[EventCountry "ESP"]
[EventCategory "6"]
[Source "lmi"]
[SourceDate "2006.11.13"]

1. d4 Nf6 2. c4 e6 3. Nf3 b6 4. g3 Ba6 5. b3 Bb4+ 6. Bd2 Be7 7. Bg2 g6 8. Bc3
d5 9. Nbd2 O-O 10. O-O Nbd7 11. Re1 Bb7 12. e4 Nxe4 13. Nxe4 dxe4 14. Rxe4
1/2-1/2

[Event "Torneig dels Paisos Catalans"]
[Site "Ibiza ESP"]
[Date "2006.11.15"]
[Round "4.1"]
[White "Mirzoev, Azer"]
[Black "Rizouk, Aimen"]
[Result "1/2-1/2"]
[WhiteElo "2543"]
[BlackElo "2438"]
[PlyCount "40"]
[EventDate "2006.11.13"]
[EventType "tourn"]
[EventRounds "9"]
[EventCountry "ESP"]
[EventCategory "6"]
[Source "lmi"]
[SourceDate "2006.11.13"]

1. d4 Nf6 2. c4 e6 3. Nf3 b6 4. g3 Ba6 5. b3 Bb4+ 6. Bd2 Be7 7. Bg2 g6 8. Bc3
d5 9. Nbd2 Nbd7 10. O-O O-O 11. Re1 Bb7 12. e4 Nxe4 13. Nxe4 dxe4 14. Rxe4 c5
15. Re3 Nf6 16. dxc5 Bxc5 17. Ne5 Bxg2 18. Kxg2 Qxd1 19. Rxd1 Rfd8 20. Rxd8+
Rxd8 1/2-1/2

[Event "Torneig dels Paisos Catalans"]
[Site "Ibiza ESP"]
[Date "2006.11.15"]
[Round "4.2"]
[White "Borges Mateos, Juan"]
[Black "Movsziszian, Karen"]
[Result "1/2-1/2"]
[WhiteElo "2431"]
[BlackElo "2456"]
[PlyCount "29"]
[EventDate "2006.11.13"]
[EventType "tourn"]
[EventRounds "9"]
[EventCountry "ESP"]
[EventCategory "6"]
[Source "lmi"]
[SourceDate "2006.11.13"]

1. d4 Nf6 2. c4 g6 3. Nc3 Bg7 4. g3 O-O 5. Bg2 d6 6. Nf3 Nbd7 7. O-O e5 8. Qc2
exd4 9. Nxd4 Nb6 10. Rd1 Nxc4 11. Ncb5 a6 12. Qxc4 axb5 13. Nxb5 Ne8 14. Nc3 c6
15. Be3 1/2-1/2

[Event "Torneig dels Paisos Catalans"]
[Site "Ibiza ESP"]
[Date "2006.11.15"]
[Round "4.3"]
[White "Pogorelov, Ruslan"]
[Black "Mascaro March, Pedro"]
[Result "0-1"]
[WhiteElo "2462"]
[BlackElo "2360"]
[PlyCount "96"]
[EventDate "2006.11.13"]
[EventType "tourn"]
[EventRounds "9"]
[EventCountry "ESP"]
[EventCategory "6"]
[Source "lmi"]
[SourceDate "2006.11.13"]

1. Nf3 Nf6 2. c4 e6 3. Nc3 d5 4. d4 c6 5. e3 Nbd7 6. Bd3 dxc4 7. Bxc4 b5 8. Bd3
a6 9. a4 b4 10. Ne4 c5 11. Ned2 cxd4 12. exd4 Bb7 13. O-O Be7 14. Nc4 a5 15.
Qe2 O-O 16. Be3 Nd5 17. Nce5 N7f6 18. Rac1 Qb6 19. Bb5 Rfc8 20. Rxc8+ Rxc8 21.
Ng5 Rf8 22. Rc1 Nxe3 23. fxe3 h6 24. Ngf3 Rc8 25. Rxc8+ Bxc8 26. Nc6 Bf8 27.
Nfe5 Qc7 28. Nc4 Ne4 29. Qf3 f5 30. N6xa5 e5 31. Nc6 exd4 32. exd4 Be6 33. N4e5
Bd6 34. Qd3 Kh7 35. g4 Bd5 36. gxf5 Bxe5 37. dxe5 Bxc6 38. Qd4 Bb7 39. Bf1 Qc1
40. Qb6 Qg5+ 41. Bg2 Nd6 42. Qf2 Nxf5 43. e6 Ne3 44. Qg3 Qxg3 45. hxg3 Nxg2 46.
e7 Bc6 47. a5 Ne3 48. a6 Nd5 0-1

[Event "Torneig dels Paisos Catalans"]
[Site "Ibiza ESP"]
[Date "2006.11.15"]
[Round "4.4"]
[White "Baches Garcia, Guillermo"]
[Black "Camarena Gimenez, Rufino"]
[Result "1-0"]
[WhiteElo "2379"]
[BlackElo "2330"]
[PlyCount "37"]
[EventDate "2006.11.13"]
[EventType "tourn"]
[EventRounds "9"]
[EventCountry "ESP"]
[EventCategory "6"]
[Source "lmi"]
[SourceDate "2006.11.13"]

1. e4 e6 2. Nf3 d5 3. exd5 exd5 4. d4 Nf6 5. Bd3 Be7 6. O-O O-O 7. Bg5 Bg4 8.
Nbd2 Nbd7 9. c3 Bh5 10. Qc2 Bg6 11. Rae1 Bxd3 12. Qxd3 c6 13. Re3 Bd6 14. Ne5
Qc7 15. f4 h6 16. Rh3 Rfe8 17. Bxh6 gxh6 18. Rxh6 Ne4 19. Qh3 1-0

[Event "Torneig dels Paisos Catalans"]
[Site "Ibiza ESP"]
[Date "2006.11.15"]
[Round "4.5"]
[White "Planells Roig, Jose"]
[Black "Oussama, Omar"]
[Result "0-1"]
[WhiteElo "2070"]
[BlackElo "2299"]
[PlyCount "68"]
[EventDate "2006.11.13"]
[EventType "tourn"]
[EventRounds "9"]
[EventCountry "ESP"]
[EventCategory "6"]
[Source "lmi"]
[SourceDate "2006.11.13"]

1. d4 Nf6 2. c4 c5 3. d5 b5 4. f3 b4 5. e4 d6 6. Be3 g6 7. Ne2 Bg7 8. Qc1 h5 9.
Nf4 Nfd7 10. Nd3 a5 11. Be2 a4 12. a3 Na6 13. Ra2 Ne5 14. O-O e6 15. dxe6 fxe6
16. Nxe5 Bxe5 17. f4 Bd4 18. Bxd4 cxd4 19. Qd1 Qb6 20. Bd3 b3 21. Ra1 Bb7 22.
Nd2 Nc5 23. Qe2 e5 24. Kh1 O-O-O 25. f5 gxf5 26. Rxf5 Rdf8 27. Raf1 Qd8 28. Kg1
Kb8 29. Bb1 h4 30. h3 Bc8 31. Rxf8 Rxf8 32. Rxf8 Qxf8 33. Nf3 Qg8 34. Kf1 Ba6
0-1

[Event "Torneig dels Paisos Catalans"]
[Site "Ibiza ESP"]
[Date "2006.11.16"]
[Round "5.1"]
[White "Oussama, Omar"]
[Black "Mirzoev, Azer"]
[Result "1/2-1/2"]
[WhiteElo "2299"]
[BlackElo "2543"]
[PlyCount "80"]
[EventDate "2006.11.13"]
[EventType "tourn"]
[EventRounds "9"]
[EventCountry "ESP"]
[EventCategory "6"]
[Source "lmi"]
[SourceDate "2006.11.13"]

1. c4 c5 2. g3 Nf6 3. Bg2 d5 4. cxd5 Nxd5 5. Nc3 Nc7 6. d3 e5 7. Nf3 Nc6 8. Nd2
Bd7 9. O-O Be7 10. Nc4 f6 11. f4 b5 12. Ne3 exf4 13. Nf5 b4 14. Nxe7 Qxe7 15.
Bxf4 bxc3 16. Bxc7 cxb2 17. Rb1 O-O 18. Rxb2 Rac8 19. Bf4 Nd4 20. Qd2 Bc6 21.
Bxc6 Rxc6 22. Rf2 Re6 23. e3 Nc6 24. e4 Nd4 25. Be3 Rd8 26. Bxd4 Rxd4 27. Rb8+
Rd8 28. Rxd8+ Qxd8 29. Qc3 Qd4 30. Qxd4 cxd4 31. Rc2 Ra6 32. Rc4 Rxa2 33. Rxd4
Kf7 34. h3 h5 35. Rd7+ Kg6 36. Kf1 a5 37. Ra7 Rd2 38. Rxa5 Rxd3 39. Kf2 Rd2+
40. Kf3 Rb2 1/2-1/2

[Event "Torneig dels Paisos Catalans"]
[Site "Ibiza ESP"]
[Date "2006.11.16"]
[Round "5.2"]
[White "Camarena Gimenez, Rufino"]
[Black "Planells Roig, Jose"]
[Result "1-0"]
[WhiteElo "2330"]
[BlackElo "2070"]
[PlyCount "125"]
[EventDate "2006.11.13"]
[EventType "tourn"]
[EventRounds "9"]
[EventCountry "ESP"]
[EventCategory "6"]
[Source "lmi"]
[SourceDate "2006.11.13"]

1. Nf3 d6 2. c4 c5 3. d4 cxd4 4. Nxd4 Nc6 5. Nc3 Nf6 6. e4 g6 7. f3 Bg7 8. Be3
O-O 9. Qd2 Bd7 10. Be2 Nxd4 11. Bxd4 Bc6 12. O-O Nd7 13. Bf2 a5 14. Rab1 Nc5
15. b3 Qd7 16. a3 Qe6 17. Nd5 Bxd5 18. exd5 Qf6 19. Rfe1 Rfc8 20. Bd1 Rc7 21.
Bc2 Kf8 22. Re2 Qc3 23. Qd1 Na6 24. Bb6 Rcc8 25. Re3 Qf6 26. Bxa5 Qd4 27. Kf2
Qh4+ 28. Ke2 Qxh2 29. Qh1 Qg3 30. Be1 Qg5 31. Bh4 Qf4 32. Re4 Qf5 33. Bxe7+ Kg8
34. Qh3 Qxh3 35. gxh3 f5 36. Re3 Be5 37. Bd3 Kf7 38. Bg5 Nc5 39. f4 Bf6 40.
Bxf6 Kxf6 41. a4 Re8 42. Bc2 Rxe3+ 43. Kxe3 Re8+ 44. Kf2 Ne4+ 45. Bxe4 Rxe4 46.
Kf3 h6 47. h4 g5 48. hxg5+ hxg5 49. fxg5+ Kxg5 50. Rg1+ Kf6 51. Rh1 Kg6 52. Rh8
Kf6 53. Rh7 b5 54. axb5 Re1 55. Rd7 Rb1 56. Rxd6+ Ke5 57. Re6+ Kd4 58. Rc6 Rf1+
59. Ke2 Rb1 60. d6 Rb2+ 61. Kf3 Ke5 62. d7 Rd2 63. Rc5+ 1-0

[Event "Torneig dels Paisos Catalans"]
[Site "Ibiza ESP"]
[Date "2006.11.16"]
[Round "5.3"]
[White "Mascaro March, Pedro"]
[Black "Baches Garcia, Guillermo"]
[Result "1-0"]
[WhiteElo "2360"]
[BlackElo "2379"]
[PlyCount "97"]
[EventDate "2006.11.13"]
[EventType "tourn"]
[EventRounds "9"]
[EventCountry "ESP"]
[EventCategory "6"]
[Source "lmi"]
[SourceDate "2006.11.13"]

1. d4 Nf6 2. c4 e6 3. g3 c5 4. d5 exd5 5. cxd5 d6 6. Nc3 g6 7. Bg2 Bg7 8. Nf3
O-O 9. O-O Na6 10. Nd2 Nc7 11. Nc4 Nfe8 12. a4 b6 13. Bf4 Ba6 14. Qb3 Bxc4 15.
Qxc4 a6 16. Rfb1 Qd7 17. Qd3 Rc8 18. Ra3 b5 19. axb5 axb5 20. b4 cxb4 21. Rxb4
Na6 22. Rxa6 Rxc3 23. Qb1 Be5 24. Bxe5 dxe5 25. Rxb5 Nd6 26. Rb3 Rc5 27. Rc6
Ra5 28. h4 Nf5 29. e3 Ne7 30. Rb7 Qd8 31. Rcc7 Nf5 32. Rxf7 Rxf7 33. Rb8 Ra8
34. Rxd8+ Rxd8 35. Qe4 Re7 36. Bh3 Nd6 37. Qb4 Kg7 38. Be6 Rc7 39. Qb2 Nc4 40.
Qc3 Rd6 41. f4 Rxe6 42. dxe6 Kf6 43. fxe5+ Kxe6 44. e4 Rc6 45. Qd4 Nxe5 46.
Qd5+ Kf6 47. Qd8+ Ke6 48. Qg8+ Kd6 49. Qd5+ 1-0

[Event "Torneig dels Paisos Catalans"]
[Site "Ibiza ESP"]
[Date "2006.11.16"]
[Round "5.4"]
[White "Movsziszian, Karen"]
[Black "Pogorelov, Ruslan"]
[Result "1-0"]
[WhiteElo "2456"]
[BlackElo "2462"]
[PlyCount "77"]
[EventDate "2006.11.13"]
[EventType "tourn"]
[EventRounds "9"]
[EventCountry "ESP"]
[EventCategory "6"]
[Source "lmi"]
[SourceDate "2006.11.13"]

1. e4 e6 2. d3 d5 3. Nd2 c5 4. g3 Nc6 5. Bg2 g6 6. Ngf3 Bg7 7. O-O Nge7 8. Re1
b6 9. c3 a5 10. a4 Ra7 11. Nb1 Rd7 12. e5 Ba6 13. Na3 O-O 14. h4 Qb8 15. Bf4 b5
16. axb5 Bxb5 17. Nxb5 Qxb5 18. Qd2 Rb8 19. Re2 a4 20. Bh6 Na5 21. Rd1 a3 22.
bxa3 Qa4 23. Bxg7 Kxg7 24. Ree1 Rdb7 25. d4 c4 26. Bh3 Ng8 27. h5 Qd7 28. hxg6
hxg6 29. Qf4 Qe7 30. Ng5 Nh6 31. Kg2 Rh8 32. Rh1 Rb3 33. Rh2 Rxc3 34. Rdh1 Rd3
35. Bxe6 Rxd4 36. Qxd4 Qxg5 37. Bxd5 Nb3 38. Qxc4 Nd2 39. Qc3 1-0

[Event "Torneig dels Paisos Catalans"]
[Site "Ibiza ESP"]
[Date "2006.11.16"]
[Round "5.5"]
[White "Rizouk, Aimen"]
[Black "Borges Mateos, Juan"]
[Result "1/2-1/2"]
[WhiteElo "2438"]
[BlackElo "2431"]
[PlyCount "46"]
[EventDate "2006.11.13"]
[EventType "tourn"]
[EventRounds "9"]
[EventCountry "ESP"]
[EventCategory "6"]
[Source "lmi"]
[SourceDate "2006.11.13"]

1. e4 c5 2. Nf3 d6 3. d4 cxd4 4. Nxd4 Nf6 5. Nc3 Nc6 6. Bg5 e6 7. Qd2 a6 8.
O-O-O Bd7 9. f3 Rc8 10. g4 h5 11. gxh5 Nxd4 12. Qxd4 Rxh5 13. h4 Qa5 14. Kb1
Bc6 15. f4 Qc5 16. Qd3 Ng4 17. Qf3 Rxg5 18. fxg5 Nf2 19. g6 Rc7 20. Bh3 f5 21.
Rh2 Nxd1 22. Qxd1 Qe5 23. Rf2 fxe4 1/2-1/2